000 01059nam a2200229Ia 4500
001 19003
005 20260417182129.0
008 260306s9999||||xx |||||||||||||| ||und||
041 _aESP
082 _a658.78
_bCH566
100 _aChopra, Sunil
_eAUT
245 0 _aAdministración de la cadena de suministro:
_bestrategia, planeación y operación
260 _c2013
300 _axii, 516 páginas :
_c26 cm.
650 _aGEN
654 _aCAN
856 _uhttps://itmsp.museknowledge.com/UCSP?url=https://www.ebooks7-24.com:443/?il=9397&pg=1
_zVersión digital (2020)
856 _uhttps://0u213wxfr-y-https-ebooks7--24-com.itmsp.museknowledge.com/biblioteca.aspx
_zVéase además: Base de datos Ebook7-24
856 _uhttps://0u20fwxfw-y-https-research-ebsco-com.itmsp.museknowledge.com/c/qxo6us/search
_zVéase además: Base de datos EBSCOhost
856 _uhttps://0u20vwwy8-y-https-ebookcentral-proquest-com.itmsp.museknowledge.com/lib/catolicasp/home.action
_zVéase además: Base de datos ProQuest Ebook Central
942 _cLIB
_dJUS
_fJUS
_2ddc
999 _c19003
_d19003